[Event "ESP-ch U18 Rapid"]
[Site "Salobrena"]
[Date "2022.08.07"]
[Round "9"]
[White "De Pedro Cuadrado, Marcos"]
[Black "Reguillaga Elias, Manex"]
[Result "1-0"]
[WhiteElo "1788"]
[BlackElo "1554"]
[PlyCount "73"]
[EventDate "2022.08.06"]
[EventType "swiss (rapid)"]
[EventRounds "9"]
[EventCountry "ESP"]
[SourceTitle "EXT 2023"]
[Source "ChessBase"]
[SourceDate "2022.10.05"]
[SourceVersion "1"]
[SourceVersionDate "2022.10.05"]
[SourceQuality "1"]

1. e4 c6 2. d4 d5 3. f3 e6 4. Nc3 Nf6 5. e5 Nfd7 6. Nce2 c5 7. c3 Nc6 8. f4 Qb6 9. Nf3 cxd4 10. cxd4 Bb4+ 11. Kf2 f6 12. Be3 0-0 13. g4 fxe5 14. dxe5 Bc5 15. Ned4 Qxb2+ 16. Kg3 Bxd4 17. Nxd4 Nc5 18. Bg2 Nxd4 19. Qxd4 Qxd4 20. Bxd4 b6 21. Rac1 Nd3 22. Rcf1 Bb7 23. f5 exf5 24. gxf5 Nc5 25. Rhg1 Ne4+ 26. Kf4 g6 27. Ke3 g5 28. Bxe4 dxe4 29. Rxg5+ Kf7 30. e6+ Ke7 31. Rg7+ Kd6 32. Rxb7 Rg8 33. Kxe4 Rg2 34. e7 Kc6 35. f6 Kxb7 36. f7 Re2+ 37. Be3 1-0

[Event "Euskadi-chT (Vasca) Div Honor"]
[Site "Bergara"]
[Date "2018.02.10"]
[Round "5.2"]
[White "Marchena Hurtado, Javier"]
[Black "Reguillaga Elias, Manex"]
[Result "1-0"]
[WhiteElo "2340"]
[BlackElo "1924"]
[PlyCount "100"]
[EventDate "2018.01.13"]
[EventType "team-tourn"]
[EventRounds "9"]
[EventCountry "ESP"]
[SourceTitle "EXT 2020"]
[Source "ChessBase"]
[SourceDate "2019.10.17"]
[SourceVersion "1"]
[SourceVersionDate "2019.10.17"]
[SourceQuality "1"]
[WhiteTeam "Sestao"]
[BlackTeam "Abadino"]
[WhiteTeamCountry "ESP"]
[BlackTeamCountry "ESP"]

1. d4 e6 2. c4 Nf6 3. Nf3 b6 4. g3 Bb7 5. Bg2 Be7 6. 0-0 0-0 7. Re1 d6 8. Qc2 Be4 9. Qb3 Nc6 10. Nbd2 d5 11. e3 Na5 12. Qa4 Nxc4 13. Nxc4 dxc4 14. Qxc4 Qd5 15. Qxd5 Nxd5 16. Ne5 Bxg2 17. Kxg2 c5 18. dxc5 Bxc5 19. a3 Rfd8 20. b3 f6 21. Nf3 Rac8 22. e4 Ne7 23. Bb2 a5 24. Red1 Nc6 25. Rac1 e5 26. Kf1 Kf7 27. Ke2 Ke6 28. a4 Rxd1 29. Rxd1 Rd8 30. Rxd8 Nxd8 31. Nd2 Nc6 32. Nc4 Nd4+ 33. Bxd4 Bxd4 34. f3 Kd7 35. Kd3 Kc6 36. Na3 Bf2 37. Kc4 h5 38. g4 h4 39. h3 Bc5 40. Nc2 Be7 41. Ne3 Bc5 42. Nd5 Bf8 43. Ne3 Bc5 44. Nd5 Bf8 45. f4 Bd6 46. g5 Bf8 47. Ne3 Bc5 48. Ng4 Be7 49. Nh2 Bc5 50. Nf3 Bf2 1-0

[Event "Getxo op 2nd"]
[Site "Getxo"]
[Date "2017.09.10"]
[Round "3"]
[White "Reguillaga Elias, Manex"]
[Black "Brusi Noguera, Ricardo Ll"]
[Result "0-1"]
[WhiteElo "1818"]
[BlackElo "2152"]
[PlyCount "61"]
[EventDate "2017.09.09"]
[EventType "swiss"]
[EventRounds "9"]
[EventCountry "ESP"]
[SourceTitle "CBM 180 Extra"]
[Source "ChessBase"]
[SourceDate "2017.10.06"]
[SourceVersion "1"]
[SourceVersionDate "2017.10.06"]
[SourceQuality "1"]

1. d4 Nf6 2. c4 e6 3. Nc3 c5 4. d5 exd5 5. cxd5 d6 6. e4 g6 7. h3 Bg7 8. Nf3 a6 9. a4 Nbd7 10. Bd3 Nh5 11. 0-0 Ne5 12. Nxe5 Bxe5 13. Be3 Nf4 14. Bxf4 Bxf4 15. Re1 0-0 16. Ne2 Be5 17. Qd2 Rb8 18. f4 Bg7 19. Nc3 Qh4 20. Bf1 Re8 21. Kh2 Bd7 22. g3 Qf6 23. Nd1 h5 24. Bg2 b5 25. axb5 Bxb5 26. Nc3 Bc4 27. Bf1 Qd4 28. Qxd4 cxd4 29. Bxc4 dxc3 30. b3 Ra8 31. Ra5 0-1

[Event "ESP-ch U12"]
[Site "Salobrena Granada"]
[Date "2017.07.10"]
[Round "2"]
[White "Perez Garcia, Jimena"]
[Black "Reguillaga Elias, Manex"]
[Result "0-1"]
[WhiteElo "1514"]
[BlackElo "1864"]
[PlyCount "88"]
[EventDate "2017.07.10"]
[EventType "swiss"]
[EventRounds "9"]
[EventCountry "ESP"]
[SourceTitle "EXT 2024"]
[Source "ChessBase"]
[SourceDate "2023.10.10"]
[SourceVersion "1"]
[SourceVersionDate "2023.10.10"]
[SourceQuality "1"]

1. d4 e6 2. c4 Nf6 3. Nc3 Bb4 4. Qc2 0-0 5. a3 Bxc3+ 6. Qxc3 Ne4 7. Qc2 f5 8. Nh3 b6 9. f3 Nf6 10. e3 Bb7 11. Be2 d6 12. 0-0 Nbd7 13. Bd2 Qe7 14. Bd3 c5 15. Rfe1 Rac8 16. Bc3 d5 17. b3 Rc7 18. Qd2 Rfc8 19. Nf2 dxc4 20. bxc4 Ba6 21. d5 exd5 22. cxd5 Bxd3 23. Qxd3 Qd6 24. Qxf5 Qxd5 25. Qxd5+ Nxd5 26. Bb2 c4 27. Rad1 N5f6 28. Bc3 Nc5 29. e4 Na4 30. Bd2 c3 31. Bf4 Rc4 32. Nd3 c2 33. Rc1 Nd7 34. Nb4 Ndc5 35. Re3 Ne6 36. Be5 R8c5 37. Bd6 Rc8 38. Be5 a5 39. Nd5 Kf7 40. Rb3 Nec5 41. Rb5 Nd3 42. Ne3 Nxc1 43. Nxc4 Ne2+ 44. Kf2 Rxc4 0-1

[Event "ESP-ch U12"]
[Site "Granada"]
[Date "2016.07.05"]
[Round "3"]
[White "Reguillaga Elias, Manex"]
[Black "Travesset Sagre, Jan"]
[Result "0-1"]
[WhiteElo "1691"]
[BlackElo "1432"]
[PlyCount "38"]
[EventDate "2016.07.04"]
[EventType "swiss"]
[EventRounds "9"]
[EventCountry "ESP"]
[SourceTitle "EXT 2024"]
[Source "ChessBase"]
[SourceDate "2023.10.10"]
[SourceVersion "1"]
[SourceVersionDate "2023.10.10"]
[SourceQuality "1"]

1. d4 d5 2. c4 e6 3. cxd5 exd5 4. Nc3 Nf6 5. Bg5 Nbd7 6. e3 Be7 7. Bd3 c6 8. Nge2 Nf8 9. Ng3 Ne6 10. Bxf6 Bxf6 11. Qc2 g6 12. b4 a6 13. a4 Qe7 14. Nb1 Qd8 15. Bf1 a5 16. bxa5 0-0 17. Qd1 c5 18. Ra2 Nc7 19. Bc4 dxc4 0-1